000
00313cam a22001217a 4500
008
180718b1954 xxu||||| |||| 00| 0 eng d
082
_a
BA27 H653/s
100
_a
Hocart, A. M.
245
_a
Social origins
_c
by A. M. Hocart
260
_a
London
_b
Watts
_c
1954
300
_a
ix, 153P
650
_a
Primitive societies.
999
_c
422685
_d
422685